| 000 | 00388nam a22001577a 4500 | ||
|---|---|---|---|
| 005 | 20160426153104.0 | ||
| 008 | 160426b xxu||||| |||| 00| 0 eng d | ||
| 020 | _a978-81-8054-686-0 | ||
| 041 | _aeng | ||
| 082 | _b00162 | ||
| 100 |
_aTripathi, P.C. _950 |
||
| 245 | _aA Textbook of Research Methodology | ||
| 260 |
_aNew Delhi _bSultan Chand & Sons, _c2008 |
||
| 300 | _a364 | ||
| 942 | _cBK | ||
| 999 |
_c43 _d43 |
||